[Event "SERBIA CHESS OPEN 2021 - MASTERS"]
[Site "Belgrade, Hotel Metropol"]
[Date "2021.07.03"]
[Round "2.79"]
[White "Papidakis, Georgios"]
[Black "Maerevoet, Sim"]
[Result "1-0"]
[WhiteElo "2135"]
[BlackElo "2384"]
[PlyCount "157"]
[EventDate "2021.??.??"]

1. e4 c6 2. d4 d5 3. exd5 cxd5 4. Bd3 Nf6 5. h3 Nc6 6. c3 g6 7. Nf3 Bf5 8. Ne5
Bxd3 9. Nxd3 Bg7 10. O-O O-O 11. Bf4 Qc8 12. Nd2 Qf5 13. Qe2 g5 14. g4 Qg6 15.
Bh2 h5 16. Rfe1 hxg4 17. hxg4 Rae8 18. Nf1 Nxg4 19. Qxg4 Qxd3 20. Qxg5 Qg6 21.
Qxg6 fxg6 22. Ne3 e6 23. Ng4 Rf5 24. Kf1 Kf7 25. Ne3 Rh5 26. Bd6 Rd8 27. Bg3 b5
28. a4 b4 29. a5 a6 30. Kg2 Rd7 31. Red1 Rb7 32. Nc2 Rh8 33. Bd6 bxc3 34. bxc3
Rc8 35. Bc5 Rb3 36. Rd3 Rb5 37. Bb6 Bf6 38. Rf3 Kg7 39. Re1 e5 40. dxe5 Nxe5
41. Rxf6 Kxf6 42. Bd4 Re8 43. f4 Rb2 44. Bxe5+ Kf7 45. Re2 Rc8 46. Kf3 Rc5 47.
Rh2 Rxa5 48. Rh7+ Ke8 49. Nd4 Ra1 50. Ne6 Re1 51. Nc7+ Kf8 52. Nxd5 a5 53. Nf6
Rf1+ 54. Ke3 Re1+ 55. Kd4 Rd1+ 56. Kc5 a4 57. Bd6+ Rxd6 58. Kxd6 Rb6+ 59. Ke5
Ra6 60. Rh2 a3 61. Ra2 Kf7 62. Nd5 Ra4 63. Nb6 Ra5+ 64. Kd4 Ke6 65. c4 Kd6 66.
Nd5 Ke6 67. Re2+ Kd6 68. Nc3 Kc6 69. Ra2 Ra8 70. Rg2 Kd7 71. Kd5 Ra6 72. c5 Rf6
73. Rd2 Rf5+ 74. Ke4+ Ke7 75. Rd5 Rf6 76. Rd6 Rf5 77. Nd5+ Kf7 78. Rd7+ Ke8 79.
Ra7 1-0

[Event "SERBIA CHESS OPEN 2021 - MASTERS"]
[Site "Belgrade, Hotel Metropol"]
[Date "2021.07.03"]
[Round "2.80"]
[White "Arsovic, Goran"]
[Black "Horvat, Damjan"]
[Result "1-0"]
[WhiteElo "2381"]
[BlackElo "2167"]
[PlyCount "137"]
[EventDate "2021.??.??"]

1. d4 d5 2. Nf3 Nf6 3. c4 c6 4. Qb3 dxc4 5. Qxc4 Bf5 6. g3 e6 7. Bg2 Nbd7 8.
O-O Be7 9. Qb3 Qb6 10. Nbd2 O-O 11. Nc4 Qxb3 12. axb3 Be4 13. Bf4 Bd5 14. Rfc1
Rfc8 15. Nfe5 Bxg2 16. Kxg2 c5 17. Nxd7 Nxd7 18. Nd6 Bxd6 19. Bxd6 b6 20. b4
cxd4 21. Rxa7 Nf6 22. Be5 d3 23. exd3 Nd5 24. b5 f6 25. Rxc8+ Rxc8 26. Bd4 e5
27. Rd7 exd4 28. Rxd5 Rc2 29. b4 Kf7 30. Rxd4 Ke6 31. Rc4 Rd2 32. Rc6+ Kf5 33.
Rxb6 Rxd3 34. Ra6 Rb3 35. Ra4 Ke6 36. h4 h5 37. Ra6+ Kf5 38. Ra4 Ke6 39. b6 Kd6
40. Ra5 Rxb4 41. Ra7 Rxb6 42. Rxg7 Ke6 43. Rh7 Rb5 44. Kh3 Rf5 45. f3 Rxf3 46.
Rxh5 Kf7 47. Kg4 Ra3 48. Rb5 Kg6 49. Rb4 Ra8 50. Rf4 Ra5 51. h5+ Kg7 52. Kh4
Rg5 53. Rb4 Ra5 54. Rg4+ Kf7 55. h6 Rb5 56. h7 Rb8 57. Kh5 f5 58. Rg8 Rxg8 59.
hxg8=Q+ Kxg8 60. Kg6 Kf8 61. Kxf5 Kf7 62. Kg5 Kg7 63. g4 Kg8 64. Kg6 Kf8 65. g5
Kg8 66. Kh6 Kh8 67. g6 Kg8 68. g7 Kf7 69. Kh7 1-0

[Event "SERBIA CHESS OPEN 2021 - MASTERS"]
[Site "Belgrade, Hotel Metropol"]
[Date "2021.07.03"]
[Round "2.81"]
[White "Jandric, Damjan"]
[Black "Vatsal, Singhania"]
[Result "1/2-1/2"]
[WhiteElo "2202"]
[BlackElo "2371"]
[PlyCount "100"]
[EventDate "2021.??.??"]

1. e4 c5 2. Nc3 Nc6 3. Bb5 Nd4 4. Nf3 g6 5. Ba4 Bg7 6. O-O a6 7. Nxd4 Bxd4 8.
d3 e6 9. Kh1 b5 10. Bb3 Bb7 11. Ne2 Bg7 12. f3 Ne7 13. c3 d5 14. Bf4 O-O 15.
Bc2 Rc8 16. Qd2 Qd7 17. Bh6 Rfd8 18. Rad1 Qc7 19. Bxg7 Kxg7 20. Qg5 h6 21. Qh4
Ng8 22. f4 Qe7 23. Qf2 dxe4 24. dxe4 Nf6 25. Ng3 Rxd1 26. Rxd1 Rd8 27. Rxd8
Qxd8 28. h3 Ng8 29. Nf1 Qc7 30. Nd2 Nf6 31. e5 Nd7 32. Be4 Bxe4 33. Nxe4 Qc6
34. Qe3 Qd5 35. b3 Qd1+ 36. Kh2 Qc2 37. Nxc5 Nxc5 38. Qxc5 Qxa2 39. b4 Qd2 40.
Qd4 Qe1 41. Qd8 Qe4 42. Qf6+ Kg8 43. Qd8+ Kh7 44. Qf6 Qb7 45. Qd8 h5 46. Qf8
Qd7 47. Kh1 Qc7 48. Kg1 h4 49. Kh1 Qd7 50. Kh2 Qc7 1/2-1/2

[Event "SERBIA CHESS OPEN 2021 - MASTERS"]
[Site "Belgrade, Hotel Metropol"]
[Date "2021.07.03"]
[Round "2.82"]
[White "Risteski, Emil"]
[Black "Caputcuoglu, Zeki Berke"]
[Result "1-0"]
[WhiteElo "2367"]
[BlackElo "2138"]
[PlyCount "121"]
[EventDate "2021.??.??"]

1. e4 e5 2. Nf3 Nc6 3. Bc4 Bc5 4. O-O Nf6 5. d3 d6 6. c3 a6 7. Bb3 Ba7 8. Re1
h6 9. Nbd2 g5 10. Nf1 g4 11. N3d2 h5 12. Nc4 h4 13. Be3 Nh5 14. d4 b5 15. Na3
Qf6 16. Bd5 Bd7 17. Nc2 Rd8 18. Bxc6 Bxc6 19. Qxg4 Bd7 20. Qg5 Qxg5 21. Bxg5 f6
22. Bxh4 Kf7 23. Bg3 Rdg8 24. Rad1 Be6 25. b3 a5 26. Nfe3 Rh7 27. Kf1 Nf4 28.
Nd5 Nxd5 29. exd5 Bc8 30. Rd2 Rh5 31. dxe5 fxe5 32. Re4 Bf5 33. Rh4 Rhg5 34.
Ke2 Re8 35. Ne3 Bb1 36. Rb2 Bg6 37. a4 b4 38. cxb4 Bd4 39. Rd2 axb4 40. Rdxd4
exd4 41. Rxd4 Re4 42. Rxe4 Bxe4 43. f3 Bb1 44. Kd2 Rg8 45. Bf4 Ra8 46. Nc4 Ke7
47. g4 Bg6 48. h4 Bf7 49. Ne3 Ra5 50. Kd3 Rc5 51. Bg5+ Kf8 52. Bf6 Bxd5 53. Bd4
Ra5 54. Nxd5 Rxd5 55. Kc4 c6 56. f4 Kf7 57. h5 Ra5 58. Kxb4 Ra8 59. Kc4 Rg8 60.
g5 Ke6 61. h6 1-0

[Event "SERBIA CHESS OPEN 2021 - MASTERS"]
[Site "Belgrade, Hotel Metropol"]
[Date "2021.07.03"]
[Round "2.83"]
[White "Nandhidhaa, P V."]
[Black "Djokic, Mihailo"]
[Result "1-0"]
[WhiteElo "2365"]
[BlackElo "2129"]
[PlyCount "95"]
[EventDate "2021.??.??"]

1. e4 c5 2. Nf3 d6 3. d4 cxd4 4. Qxd4 a6 5. h3 Nc6 6. Qe3 g6 7. Be2 Bg7 8. O-O
Nf6 9. c4 O-O 10. Nc3 Nd7 11. Rd1 Qa5 12. Nd5 e6 13. Nc3 Qc7 14. b3 Rd8 15. Bb2
Nc5 16. Rac1 Qe7 17. Ba3 a5 18. e5 b6 19. exd6 Rxd6 20. Rxd6 Qxd6 21. Ne4 Qc7
22. Nxc5 bxc5 23. Bxc5 Nb4 24. a3 Na2 25. Bb6 Qc6 26. Rd1 Bb7 27. Bd4 Bxd4 28.
Rxd4 Qb6 29. c5 Qc6 30. Qd2 e5 31. Rd8+ Rxd8 32. Qxd8+ Kg7 33. Qd2 Qxc5 34.
Qxa2 Qc1+ 35. Bf1 Ba6 36. Nd2 Bd3 37. b4 a4 38. g3 Bc2 39. Qd5 Qxa3 40. Qxe5+
Kg8 41. b5 Qb4 42. Qd5 Bf5 43. Bc4 Be6 44. Qd8+ Kg7 45. Bxe6 fxe6 46. Qc7+ Kf6
47. b6 a3 48. Qf4+ 1-0

[Event "SERBIA CHESS OPEN 2021 - MASTERS"]
[Site "Belgrade, Hotel Metropol"]
[Date "2021.07.03"]
[Round "2.84"]
[White "Ramoutar, Alan-Safar"]
[Black "Balabayeva, Xeniya"]
[Result "0-1"]
[WhiteElo "2344"]
[BlackElo "2116"]
[PlyCount "71"]
[EventDate "2021.??.??"]

1. e4 c6 2. Nf3 d5 3. exd5 cxd5 4. Ne5 a6 5. d4 Nc6 6. Be2 Nxe5 7. dxe5 e6 8.
O-O Qc7 9. Bf4 Ne7 10. Bd3 Ng6 11. Bg3 Nxe5 12. Nc3 Bd6 13. Re1 Kf8 14. Bf1 Nc6
15. Bxd6+ Qxd6 16. Qd2 Bd7 17. Rad1 Rd8 18. Qe3 h6 19. Ne4 Qc7 20. Nc5 Bc8 21.
Qc3 d4 22. Qc4 Qd6 23. Nb3 e5 24. c3 Be6 25. Qa4 g6 26. f4 Bxb3 27. Qxb3 Qc5
28. Kh1 dxc3 29. Rxd8+ Nxd8 30. bxc3 exf4 31. Rd1 Kg7 32. c4 Re8 33. Qb2+ Kg8
34. Qf6 Nc6 35. h3 Qe5 36. Qh4 0-1

[Event "SERBIA CHESS OPEN 2021 - MASTERS"]
[Site "Belgrade, Hotel Metropol"]
[Date "2021.07.03"]
[Round "2.85"]
[White "Stankovic, Milos M"]
[Black "Boucquet, Emile"]
[Result "1-0"]
[WhiteElo "2327"]
[BlackElo "2100"]
[PlyCount "99"]
[EventDate "2021.??.??"]

1. d4 Nf6 2. c4 e6 3. Nc3 d5 4. Nf3 dxc4 5. g3 Be7 6. Bg2 Qd6 7. O-O O-O 8. e4
Qa6 9. a4 c6 10. Bg5 h6 11. Bxf6 Bxf6 12. Qe2 Nd7 13. Rfd1 e5 14. dxe5 Nxe5 15.
Nxe5 Bxe5 16. f4 Bxc3 17. bxc3 Qa5 18. Qxc4 Be6 19. Qb4 Qb6+ 20. Qxb6 axb6 21.
Rdb1 Ra7 22. Rxb6 Rfa8 23. Rb4 b5 24. e5 Bd7 25. Rd4 Be8 26. a5 Kf8 27. Rd6 Ra6
28. Kf2 Rxa5 29. Rxa5 Rxa5 30. Bxc6 Ra2+ 31. Kg1 Bxc6 32. Rxc6 g6 33. Rb6 Rc2
34. Rxb5 Rxc3 35. Rb2 h5 36. Kg2 Rc7 37. Rb6 Rc2+ 38. Kh3 Re2 39. Rb7 Kg7 40.
Rd7 Kg8 41. Kh4 Rxh2+ 42. Kg5 Rg2 43. Kf6 Rxg3 44. Rd8+ Kh7 45. Kxf7 Rf3 46.
Rd4 Re3 47. e6 h4 48. e7 Kh6 49. Rd8 Kh5 50. Rd5+ 1-0

[Event "SERBIA CHESS OPEN 2021 - MASTERS"]
[Site "Belgrade, Hotel Metropol"]
[Date "2021.07.03"]
[Round "2.86"]
[White "Blohberger, Felix"]
[Black "Kalogridis, Antonios"]
[Result "1-0"]
[WhiteElo "2490"]
[BlackElo "2080"]
[PlyCount "45"]
[EventDate "2021.??.??"]

1. e4 c6 2. d4 d5 3. exd5 cxd5 4. Bd3 Nc6 5. c3 Qc7 6. h3 e6 7. Nf3 Bd6 8. O-O
Nge7 9. Re1 O-O 10. b3 Bd7 11. Ba3 Bxa3 12. Nxa3 Qa5 13. Nb5 a6 14. Nd6 Qc7 15.
Bxh7+ Kxh7 16. Ng5+ Kg6 17. Qg4 Kh6 18. Qh4+ Kg6 19. Qh7+ Kxg5 20. Qxg7+ Ng6
21. f4+ Kxf4 22. Qf6+ Kg3 23. Re3# 1-0

[Event "SERBIA CHESS OPEN 2021 - MASTERS"]
[Site "Belgrade, Hotel Metropol"]
[Date "2021.07.03"]
[Round "2.87"]
[White "Sitnic, Adnan"]
[Black "Dragnev, Valentin"]
[Result "0-1"]
[WhiteElo "2231"]
[BlackElo "2569"]
[PlyCount "92"]
[EventDate "2021.??.??"]

1. e4 c5 2. f4 d5 3. exd5 Nf6 4. Bb5+ Nbd7 5. c4 g6 6. Nf3 Bg7 7. O-O O-O 8.
Nc3 Nb6 9. d3 e6 10. Be3 Qc7 11. dxe6 Bxe6 12. Ne5 Rad8 13. Qe2 a6 14. Qf2 axb5
15. Nxb5 Qc8 16. Bxc5 Nbd7 17. Bxf8 Bxf8 18. b3 Nxe5 19. fxe5 Ng4 20. Qe2 Bc5+
21. Kh1 Bf5 22. d4 Bxd4 23. Rad1 Bxe5 24. h3 Re8 25. hxg4 Bxg4 26. Qf2 Bxd1 27.
Qxf7+ Kh8 28. Rxd1 Rf8 29. Qd5 Qf5 30. Qf3 Qxf3 31. gxf3 Rxf3 32. Rd7 h5 33.
Nd6 Kg8 34. Nxb7 h4 35. Rd5 Bf4 36. Kg2 Rg3+ 37. Kf2 h3 38. Rd8+ Kg7 39. Rd7+
Kh6 40. Rd8 Kg5 41. Nc5 Kg4 42. Ne4 Rg2+ 43. Kf1 Kf3 44. Nc3 Rf2+ 45. Ke1 h2
46. Rd3+ Kg2 0-1

[Event "SERBIA CHESS OPEN 2021 - MASTERS"]
[Site "Belgrade, Hotel Metropol"]
[Date "2021.07.03"]
[Round "2.88"]
[White "Pap, Misa"]
[Black "Lever, Erwan"]
[Result "1-0"]
[WhiteElo "2431"]
[BlackElo "2231"]
[PlyCount "93"]
[EventDate "2021.??.??"]

1. e4 c5 2. c3 d5 3. exd5 Qxd5 4. Nf3 Nf6 5. Na3 e6 6. Bc4 Qd8 7. O-O Be7 8. d4
cxd4 9. Nb5 Nc6 10. Bf4 O-O 11. Nbxd4 Nxd4 12. Nxd4 Qb6 13. Qe2 Rd8 14. Rfd1
Bd7 15. a4 Rac8 16. Nb5 Qc5 17. Bb3 a6 18. Nd6 Bxd6 19. Rxd6 Bc6 20. Rad1 Rxd6
21. Bxd6 Qg5 22. f3 h5 23. Qe5 Qg6 24. Qg3 Qf5 25. Qf4 Qg6 26. h4 Nd5 27. Qe5
Qf6 28. Qxf6 Nxf6 29. c4 Nd7 30. a5 Re8 31. Bc2 g6 32. b4 Kg7 33. Bd3 Kf6 34.
b5 axb5 35. cxb5 Bd5 36. Rc1 Ne5 37. Be2 Rd8 38. Bb4 Rd7 39. Kf2 Kf5 40. Rc8
Bb3 41. Ke3 Ba2 42. Bc3 Bb3 43. Bd4 Bd5 44. a6 bxa6 45. bxa6 Nc6 46. Bd3+ Be4
47. Bxe4# 1-0

[Event "SERBIA CHESS OPEN 2021 - MASTERS"]
[Site "Belgrade, Hotel Metropol"]
[Date "2021.07.03"]
[Round "2.89"]
[White "Grezels, Florian"]
[Black "Subelj, Jan"]
[Result "0-1"]
[WhiteElo "2219"]
[BlackElo "2426"]
[PlyCount "78"]
[EventDate "2021.??.??"]

1. e4 c5 2. Nf3 e6 3. d4 cxd4 4. Nxd4 Nf6 5. Nc3 Nc6 6. Nxc6 bxc6 7. e5 Nd5 8.
Ne4 Qc7 9. f4 Qb6 10. c4 Bb4+ 11. Ke2 f5 12. exf6 Nxf6 13. Be3 Qd8 14. Nd6+
Bxd6 15. Qxd6 Bb7 16. Rd1 Rc8 17. Rg1 c5 18. g4 Rc6 19. Qe5 O-O 20. Bg2 Nxg4
21. Qc3 d5 22. cxd5 Ba6+ 23. Kd2 Nxe3 24. Qxe3 exd5 25. Kc1 d4 26. Qe5 Rcf6 27.
Bd5+ Kh8 28. Rde1 d3 29. Re3 Qd7 30. Reg3 g6 31. f5 Qxf5 32. Qxf5 Rxf5 33. Be4
Rf1+ 34. Rxf1 Rxf1+ 35. Kd2 Rf2+ 36. Ke3 Re2+ 37. Kf4 Rxe4+ 38. Kxe4 d2 39. Rg1
Be2 0-1

[Event "SERBIA CHESS OPEN 2021 - MASTERS"]
[Site "Belgrade, Hotel Metropol"]
[Date "2021.07.03"]
[Round "2.90"]
[White "Vucinic, Gojko"]
[Black "Spasic, Petar"]
[Result "0-1"]
[WhiteElo "2366"]
[BlackElo "2227"]
[PlyCount "76"]
[EventDate "2021.??.??"]

1. e4 c5 2. Nf3 Nc6 3. d4 cxd4 4. Nxd4 Nf6 5. Nc3 e5 6. Ndb5 d6 7. Bg5 a6 8.
Na3 b5 9. Bxf6 gxf6 10. Nd5 Bg7 11. Bd3 Be6 12. O-O f5 13. c4 Bxd5 14. cxd5 Nd4
15. exf5 O-O 16. Nc2 Nxc2 17. Qxc2 e4 18. Bxe4 Rc8 19. Qd2 Qf6 20. Rac1 Rfe8
21. Qd3 Rxc1 22. Rxc1 Qxb2 23. Rd1 Qxa2 24. f6 Bxf6 25. Bxh7+ Kg7 26. Qf3 Qe2
27. Qxe2 Rxe2 28. Bd3 Rb2 29. Rb1 Rd2 30. Be4 Bd4 31. g3 Rxf2 32. Kh1 Bb2 33.
Kg1 Rd2 34. Bf3 a5 35. Rf1 Rc2 36. Be4 Rc5 37. Kf2 a4 38. Ke2 b4 0-1

[Event "SERBIA CHESS OPEN 2021 - MASTERS"]
[Site "Belgrade, Hotel Metropol"]
[Date "2021.07.03"]
[Round "2.91"]
[White "Papadopoulos, Panayotis"]
[Black "Souhardo, Basak"]
[Result "0-1"]
[WhiteElo "2216"]
[BlackElo "2364"]
[PlyCount "80"]
[EventDate "2021.??.??"]

1. d4 Nf6 2. Nf3 e6 3. g3 d5 4. Bg2 Be7 5. c4 O-O 6. O-O dxc4 7. Qc2 a6 8. a4
Bd7 9. Rd1 Bc6 10. Nc3 Bxf3 11. Bxf3 Nc6 12. Bxc6 bxc6 13. a5 Nd5 14. Na2 Qd7
15. Qxc4 Rfb8 16. e4 Nf6 17. Qc2 Ra7 18. Nc3 Rb4 19. Qe2 Ra8 20. Be3 Qc8 21.
Rd2 Qb7 22. f3 Rd8 23. Kg2 c5 24. Rad1 cxd4 25. Bxd4 Rb8 26. e5 Ne8 27. Ne4 Rb5
28. Bc3 Rd5 29. Qc4 c6 30. Bd4 Rxa5 31. Nc3 Nc7 32. Kh3 c5 33. Bg1 Qxf3 34. b4
g5 35. Qg4 Qxg4+ 36. Kxg4 Rxb4+ 37. Kh5 Nd5 38. Nxd5 exd5 39. Rxd5 Raa4 40. h4
Rxh4+ 0-1

[Event "SERBIA CHESS OPEN 2021 - MASTERS"]
[Site "Belgrade, Hotel Metropol"]
[Date "2021.07.03"]
[Round "2.92"]
[White "Zakic, Srdjan"]
[Black "Kostov, Deyan Samuil"]
[Result "1/2-1/2"]
[WhiteElo "2324"]
[BlackElo "2215"]
[PlyCount "90"]
[EventDate "2021.??.??"]

1. e4 c5 2. Nf3 d6 3. Bb5+ Bd7 4. Bxd7+ Qxd7 5. O-O Nc6 6. c3 Nf6 7. Re1 e6 8.
d4 cxd4 9. cxd4 d5 10. e5 Ne4 11. Nbd2 Nxd2 12. Bxd2 Be7 13. Rc1 a5 14. a3 a4
15. Rc3 Na5 16. Ng5 h6 17. Nh3 Nc4 18. Bc1 b5 19. Rg3 g6 20. Nf4 Rc8 21. Qd3
Bg5 22. Qf3 Bxf4 23. Qxf4 Qe7 24. h4 b4 25. Qg4 h5 26. Qd1 b3 27. Bg5 Qa7 28.
Re2 Kd7 29. Rf3 Kc6 30. Rf4 Rc7 31. Qd3 Kb7 32. Kh2 Ka8 33. Rf6 Rhc8 34. Rf4
Qb7 35. Rf6 Qb5 36. Rf3 Rb8 37. Qc3 Nxe5 38. Qxc7 Nxf3+ 39. gxf3 Qxe2 40. Qc6+
Ka7 41. Qc5+ Rb6 42. Qc7+ Ka6 43. Qc8+ Kb5 44. Qc5+ Ka6 45. Qc8+ Kb5 1/2-1/2

[Event "SERBIA CHESS OPEN 2021 - MASTERS"]
[Site "Belgrade, Hotel Metropol"]
[Date "2021.07.03"]
[Round "2.93"]
[White "Silich, Yahor"]
[Black "Aleksic, Neven"]
[Result "1/2-1/2"]
[WhiteElo "2319"]
[BlackElo "2213"]
[PlyCount "92"]
[EventDate "2021.??.??"]

1. e4 e5 2. Nf3 Nc6 3. Bb5 a6 4. Ba4 Nf6 5. O-O Be7 6. Re1 b5 7. Bb3 d6 8. c3
O-O 9. h3 Na5 10. Bc2 c5 11. d4 Nd7 12. d5 Nb6 13. Nbd2 g6 14. Nf1 Bf6 15. g4
h5 16. N1h2 hxg4 17. hxg4 Kg7 18. b3 Rh8 19. Be3 Bd7 20. Qe2 Nb7 21. c4 b4 22.
a3 a5 23. Reb1 Qc8 24. Nd2 Rh4 25. f3 Qd8 26. Ndf1 Bg5 27. Ra2 Bxe3+ 28. Qxe3
bxa3 29. Rxa3 Rh3 30. Bd3 Qh4 31. Ra2 Rh8 32. Rg2 Qf6 33. Ra1 Bc8 34. g5 Qf4
35. Re1 Nd7 36. Bc2 R3h4 37. Ng4 Qxe3+ 38. Rxe3 Rh1+ 39. Kf2 R1h5 40. Ng3 Rxg5
41. Re1 Nb6 42. Ne3 f6 43. Reg1 Kf7 44. Bd3 Bd7 45. Bc2 Bc8 46. Bd3 Bd7 1/2-1/2

[Event "SERBIA CHESS OPEN 2021 - MASTERS"]
[Site "Belgrade, Hotel Metropol"]
[Date "2021.07.03"]
[Round "2.94"]
[White "Toncheva, Nadya"]
[Black "Sterck, Arno"]
[Result "1-0"]
[WhiteElo "2201"]
[BlackElo "2319"]
[PlyCount "97"]
[EventDate "2021.??.??"]

1. d4 d5 2. c4 c6 3. Nc3 Nf6 4. e3 e6 5. Nf3 Nbd7 6. Bd3 dxc4 7. Bxc4 b5 8. Bd3
Bb7 9. O-O a6 10. a4 b4 11. Ne4 c5 12. Nxf6+ Qxf6 13. e4 cxd4 14. Bg5 Qg6 15.
Qd2 e5 16. Nh4 Qe6 17. Qe2 Nc5 18. Bc4 d3 19. Bxd3 Nxd3 20. Qxd3 Bc5 21. Rac1
Bb6 22. Nf5 O-O 23. Bh6 Rfd8 24. Qg3 g6 25. a5 Bd4 26. Bg5 Rd7 27. Nh6+ Kg7 28.
Ng4 h5 29. Nf6 Bxb2 30. Rc2 Bc3 31. Nxd7 Qxd7 32. Qf3 Qc6 33. Bd2 Qxe4 34. Bxc3
bxc3 35. Qxe4 Bxe4 36. Rxc3 Rb8 37. Re3 Bc6 38. Rxe5 Rb2 39. Ra1 h4 40. h3 Kf6
41. Rc5 Bb5 42. Rd1 Rb4 43. Rcd5 g5 44. Rd6+ Kg7 45. R1d5 f6 46. Rf5 Ra4 47.
Rfxf6 Rxa5 48. Rg6+ Kf7 49. Rxg5 1-0

[Event "SERBIA CHESS OPEN 2021 - MASTERS"]
[Site "Belgrade, Hotel Metropol"]
[Date "2021.07.03"]
[Round "2.95"]
[White "Pasti, Aron"]
[Black "Andrijevic, Milan"]
[Result "1-0"]
[WhiteElo "2318"]
[BlackElo "2207"]
[PlyCount "97"]
[EventDate "2021.??.??"]

1. e4 c5 2. Nf3 e6 3. d4 cxd4 4. Nxd4 a6 5. Bd3 Nc6 6. Nxc6 dxc6 7. O-O e5 8.
Nd2 Nf6 9. Nc4 Qc7 10. f4 Ng4 11. Qf3 b5 12. Nxe5 Nxe5 13. fxe5 Be6 14. Qg3 h6
15. a4 Rb8 16. axb5 axb5 17. Be3 c5 18. Be2 h5 19. Ra6 Qc8 20. Rfa1 h4 21. Qg5
h3 22. gxh3 Rh6 23. Bg4 c4 24. Bxe6 Rxe6 25. Rxe6+ Qxe6 26. Qf5 b4 27. Kf2 Be7
28. Qxe6 fxe6 29. Ra7 Rb5 30. Rc7 b3 31. Rxc4 bxc2 32. Rxc2 Rxe5 33. Rc4 Rb5
34. Bd4 Bf6 35. Bxf6 gxf6 36. b4 Kf7 37. Kf3 Kg6 38. h4 Rb8 39. Kg4 Rb5 40. Kf3
Rb7 41. Kg3 Rb6 42. Kg4 Kh6 43. h5 Kg7 44. e5 fxe5 45. Kg5 Rb8 46. h6+ Kf7 47.
h7 Kg7 48. Rh4 Kh8 49. Kf6 1-0

[Event "SERBIA CHESS OPEN 2021 - MASTERS"]
[Site "Belgrade, Hotel Metropol"]
[Date "2021.07.03"]
[Round "2.96"]
[White "Mehmed, Elif"]
[Black "Bodiroga, Predrag"]
[Result "1/2-1/2"]
[WhiteElo "2199"]
[BlackElo "2316"]
[PlyCount "125"]
[EventDate "2021.??.??"]

1. e4 Nf6 2. Nc3 d5 3. e5 Ne4 4. Qf3 Nxc3 5. dxc3 c6 6. Be3 Be6 7. O-O-O Qa5 8.
a3 Nd7 9. Qg3 g6 10. f4 h5 11. Nf3 Bg4 12. h3 Bxf3 13. Qxf3 e6 14. g4 O-O-O 15.
Bd3 Bc5 16. Rde1 Bxe3+ 17. Qxe3 hxg4 18. hxg4 Qb6 19. Qxb6 Nxb6 20. b3 Nd7 21.
c4 Rxh1 22. Rxh1 g5 23. cxd5 cxd5 24. Bb5 gxf4 25. Bxd7+ Kxd7 26. Rf1 Rg8 27.
Rxf4 Ke7 28. Ra4 a6 29. Rb4 b5 30. a4 Rg5 31. axb5 axb5 32. Rxb5 Rxe5 33. Rb4
Re1+ 34. Kd2 Rg1 35. Rd4 Rg2+ 36. Kd3 Kf6 37. Rf4+ Kg6 38. c4 Rg3+ 39. Kc2 e5
40. Rf5 dxc4 41. Rxe5 cxb3+ 42. Kb2 Rxg4 43. Kxb3 Rd4 44. Kc3 Rd8 45. Re1 f5
46. Rg1+ Kf6 47. Rf1 Rd5 48. Kc4 Ra5 49. Kd3 Kg5 50. Ke3 Ra3+ 51. Kf2 Kf4 52.
Rb1 Ra2+ 53. Kf1 Kg4 54. Rb4+ f4 55. Rb3 Rh2 56. Ra3 Rd2 57. Rb3 Kf5 58. Ra3
Ke4 59. Rb3 Rd4 60. Kf2 Rd2+ 61. Kf1 Kd4 62. Rf3 Ke4 63. Ra3 1/2-1/2

[Event "SERBIA CHESS OPEN 2021 - MASTERS"]
[Site "Belgrade, Hotel Metropol"]
[Date "2021.07.03"]
[Round "2.97"]
[White "Karaoglan, Kivanc"]
[Black "Savicevic, Vlatko"]
[Result "1/2-1/2"]
[WhiteElo "2192"]
[BlackElo "2315"]
[PlyCount "29"]
[EventDate "2021.??.??"]

1. e4 d6 2. d4 Nf6 3. Nc3 g6 4. f4 Bg7 5. Nf3 O-O 6. e5 Nfd7 7. Bc4 Nb6 8. Bb3
Nc6 9. a4 a5 10. Be3 Nb4 11. O-O c6 12. Ne4 N6d5 13. Bd2 dxe5 14. fxe5 f6 15.
c4 1/2-1/2

[Event "SERBIA CHESS OPEN 2021 - MASTERS"]
[Site "Belgrade, Hotel Metropol"]
[Date "2021.07.03"]
[Round "2.98"]
[White "Dimitrov, Vladimir"]
[Black "Shpanko, Nadiia"]
[Result "1/2-1/2"]
[WhiteElo "2314"]
[BlackElo "2203"]
[PlyCount "41"]
[EventDate "2021.??.??"]

1. e4 c5 2. Nf3 e6 3. g3 Nc6 4. Bg2 Nf6 5. Qe2 e5 6. O-O Be7 7. c3 O-O 8. d3
Re8 9. Na3 d6 10. Nc4 Be6 11. Ng5 Bg4 12. f3 Bd7 13. f4 Bg4 14. Qc2 exf4 15.
gxf4 h6 16. Nf3 Rc8 17. Ne3 Bd7 18. Bd2 b5 19. Rae1 a6 20. Kh1 Bf8 21. Ng1
1/2-1/2

[Event "SERBIA CHESS OPEN 2021 - MASTERS"]
[Site "Belgrade, Hotel Metropol"]
[Date "2021.07.03"]
[Round "2.99"]
[White "Janjic, Stefan"]
[Black "Martic, Ivan"]
[Result "1/2-1/2"]
[WhiteElo "2191"]
[BlackElo "2314"]
[PlyCount "41"]
[EventDate "2021.??.??"]

1. d4 e6 2. c4 f5 3. g3 Nf6 4. Bg2 c6 5. Nf3 d5 6. O-O Bd6 7. b3 Qe7 8. Bb2 O-O
9. Qc1 b5 10. Ne5 Bb7 11. Nd3 bxc4 12. bxc4 Nbd7 13. Ba3 Rfc8 14. Bxd6 Qxd6 15.
Qa3 Ne4 16. Bxe4 Qxa3 17. Nxa3 fxe4 18. Nf4 e5 19. dxe5 Nxe5 20. cxd5 cxd5 21.
Nb5 1/2-1/2

[Event "SERBIA CHESS OPEN 2021 - MASTERS"]
[Site "Belgrade, Hotel Metropol"]
[Date "2021.07.03"]
[Round "2.100"]
[White "Velikic, Adela"]
[Black "Rakshitta, Ravi"]
[Result "0-1"]
[WhiteElo "2308"]
[BlackElo "2190"]
[PlyCount "136"]
[EventDate "2021.??.??"]

1. d4 Nf6 2. c4 e6 3. Nc3 d5 4. cxd5 exd5 5. Bg5 Nbd7 6. e3 c6 7. Bd3 Be7 8. h3
Ne4 9. Bf4 Ndf6 10. Qc2 Bf5 11. Nge2 Nxc3 12. Nxc3 Bxd3 13. Qxd3 Bd6 14. Bxd6
Qxd6 15. O-O O-O 16. Rab1 Nh5 17. Qd1 g6 18. e4 dxe4 19. Nxe4 Qf4 20. Qg4 f5
21. Qxf4 Nxf4 22. Nc3 Rad8 23. Rfd1 Rfe8 24. Kf1 Re7 25. g3 Nxh3 26. d5 Ng5 27.
dxc6 Rxd1+ 28. Rxd1 bxc6 29. Rd6 Rc7 30. f4 Nf7 31. Rd2 Kf8 32. Na4 Rb7 33. Rc2
Nd6 34. Rxc6 Ne4 35. Kg2 Rd7 36. Rc2 Rd3 37. Nc5 Rxg3+ 38. Kh2 Re3 39. Nxe4
Rxe4 40. Kg3 Kf7 41. Rc7+ Re7 42. Rc6 h6 43. Ra6 Rb7 44. b3 Kg7 45. Kh4 Rb6 46.
Rxa7+ Kf6 47. Ra8 g5+ 48. fxg5+ hxg5+ 49. Kh5 g4 50. Rf8+ Ke5 51. Kg5 Ke4 52.
Re8+ Kf3 53. Kxf5 g3 54. Rg8 g2 55. Ke5 Rb4 56. Rxg2 Kxg2 57. Kd5 Kf3 58. Kc5
Rb8 59. b4 Ke4 60. b5 Ke5 61. Kc6 Ke6 62. a4 Rc8+ 63. Kb7 Kd7 64. a5 Rc7+ 65.
Ka8 Rc5 66. a6 Kc7 67. a7 Rh5 68. b6+ Kxb6 0-1

[Event "SERBIA CHESS OPEN 2021 - MASTERS"]
[Site "Belgrade, Hotel Metropol"]
[Date "2021.07.03"]
[Round "2.101"]
[White "Czerw, Dawid"]
[Black "Kosmas-Lekkas, Dimitrios"]
[Result "1/2-1/2"]
[WhiteElo "2306"]
[BlackElo "2186"]
[PlyCount "67"]
[EventDate "2021.??.??"]

1. d4 Nf6 2. c4 g6 3. Nf3 Bg7 4. g3 O-O 5. Bg2 d6 6. O-O Nbd7 7. Nc3 e5 8. e4
exd4 9. Nxd4 Re8 10. h3 Nc5 11. Re1 Bd7 12. Kh2 h6 13. Nb3 Nxb3 14. Qxb3 Rb8
15. Be3 b6 16. Rad1 Re5 17. Bd4 Rh5 18. Nd5 Nxd5 19. exd5 Bxd4 20. Rxd4 Qf6 21.
Rf4 Rf5 22. Rxf5 Bxf5 23. Re3 Bd7 24. Kg1 Kg7 25. Qc3 Re8 26. Qxf6+ Kxf6 27.
Rxe8 Bxe8 28. f4 Bd7 29. Kf2 Bf5 30. Ke3 a5 31. a3 Bb1 32. Bf3 Bf5 33. g4 Bd7
34. b4 1/2-1/2

[Event "SERBIA CHESS OPEN 2021 - MASTERS"]
[Site "Belgrade, Hotel Metropol"]
[Date "2021.07.03"]
[Round "2.102"]
[White "Terryn, Ezra"]
[Black "Krasteva, Beloslava"]
[Result "1-0"]
[WhiteElo "2184"]
[BlackElo "2305"]
[PlyCount "111"]
[EventDate "2021.??.??"]

1. e4 c5 2. d4 cxd4 3. c3 dxc3 4. Nxc3 e6 5. Nf3 a6 6. Bc4 b5 7. Bb3 Bb7 8. O-O
Ne7 9. Bg5 h6 10. Be3 Nbc6 11. Re1 Na5 12. Ne5 Nxb3 13. Bb6 Qc8 14. Qf3 Nf5 15.
axb3 Bd6 16. Qg4 h5 17. Qg5 Bxe5 18. exf5 Bf6 19. Qe3 O-O 20. Rac1 Qc6 21. f3
Bg5 22. Qxg5 Qxb6+ 23. Kh1 exf5 24. Qxf5 Rad8 25. Qxh5 d5 26. Rcd1 d4 27. Ne4
d3 28. Ng5 Qh6 29. Qxh6 gxh6 30. Ne4 Bxe4 31. Rxe4 Rd6 32. Re3 d2 33. Kg1 b4
34. Re2 Rfd8 35. Kf2 Rd5 36. Re4 a5 37. f4 f6 38. Ke2 Kg7 39. Rc4 Re8+ 40. Kf2
Kg6 41. Rc2 Rd3 42. Rdxd2 Rxb3 43. Rc5 Ra8 44. Rd7 a4 45. h4 Rxb2+ 46. Kg3 Rb3+
47. Kh2 f5 48. Rd6+ Kh5 49. Rxf5+ Kg4 50. Rf7 a3 51. Rg6+ Kh5 52. Rfg7 Rh8 53.
Ra6 Kxh4 54. g3+ Rxg3 55. Rxg3 Kh5 56. Kh3 1-0